=LDR 00000nam 2200000 4500 =001 INLIS000000000030805 =005 20251219074817 =035 ##$$a 0010-061300000030805 =008 251219###########################0#ind## =041 ##$$a ind =082 ##$$a 028.5 =090 ##$$a F Rom K, Yan p =100 ##$$a Yaniar, Renny =245 1#$$a Pengagum Rahasia, /$c Renny Yaniar, Ilustrasi, Elizabeth Vl sandra =260 ##$$a 2006 :$b Jakarta =300 ##$$a 24 hlm, : $b ilus ; $c 20 cm =650 #4$$a Fiksi Kanak-kanak =850 ##$$a NBPNMAT =084 ##$$a 028.5 YAN p =990 ##$$a 1152611526 =990 ##$$a 20900307